Trends in Ecology and Evolution (Registro nro. 17157)
[ vista simple ]
| 000 -CABECERA | |
|---|---|
| Campo de control | 00240as aa2200097a 44500 |
| 090 ## - CLASIFICACIÓN LOCAL | |
| Colección | SERIADAS |
| Consecutivo | 01002 |
| 041 0# - IDIOMA | |
| Código de idioma para texto/pista de sonido o título separado | |
| 245 10 - MENCION DE TITULO | |
| Título | Trends in Ecology and Evolution |
| 260 ## - PUBLICACION, DISTRIBUCION, ETC. (PIE DE IMPRENTA) | |
| Nombre del editor, distribuidor, etc. | Elsevier Trends Journals |
| Lugar de publicación, distribución, etc. | Estados Unidos |
| 942 ## - ELEMENTOS ADICIONALES (KOHA) | |
| Tipo de ítem | Periodica o revista |
| Withdrawn status | Lost status | Damaged status | No para préstamo | Colección | Fecha publicación (Año) | Volumen revista | Número revista | Inventariado | Ubicación Permanente | Ubicación actual | Fecha de adquisición | Fuente de Valor | Total Checkouts | Número topográfico | Inventario / Código de Barras | Date last seen | Ejemplar | Price effective from | Forma de adquisición | Tipo de material |
|---|---|---|---|---|---|---|---|---|---|---|---|---|---|---|---|---|---|---|---|---|
| Hemeroteca | 1994 | 9 | 1 | Inventariado 2017 | Villa de Leyva | Villa de Leyva | 22/03/2001 | Flórez, Camilo José | SERIADAS 01002 | 009655 | 25/03/2015 | 1 | 25/03/2015 | Periodica o revista | ||||||
| Hemeroteca | 1998 | 13 | 10 | Inventariado 2017 | Villa de Leyva | Villa de Leyva | 22/03/2001 | EBSCO | SERIADAS 01002 | 009656 | 25/03/2015 | 1 | 25/03/2015 | Compra | Periodica o revista | |||||
| Hemeroteca | 1998 | 13 | 11 | Inventariado 2017 | Villa de Leyva | Villa de Leyva | 22/03/2001 | EBSCO | SERIADAS 01002 | 009657 | 25/03/2015 | 1 | 25/03/2015 | Compra | Periodica o revista | |||||
| Hemeroteca | 1998 | 13 | 12 | Inventariado 2017 | Villa de Leyva | Villa de Leyva | 22/03/2001 | EBSCO | SERIADAS 01002 | 009658 | 25/03/2015 | 1 | 25/03/2015 | Compra | Periodica o revista | |||||
| Hemeroteca | 1999 | 14 | 1 | Inventariado 2017 | Villa de Leyva | Villa de Leyva | 22/03/2001 | EBSCO | SERIADAS 01002 | 009659 | 25/03/2015 | 1 | 25/03/2015 | Compra | Periodica o revista | |||||
| Hemeroteca | 1999 | 14 | 2 | Inventariado 2017 | Villa de Leyva | Villa de Leyva | 22/03/2001 | EBSCO | SERIADAS 01002 | 009660 | 25/03/2015 | 1 | 25/03/2015 | Compra | Periodica o revista | |||||
| Hemeroteca | 1999 | 14 | 4 | Inventariado 2017 | Villa de Leyva | Villa de Leyva | 22/03/2001 | EBSCO | SERIADAS 01002 | 009661 | 25/03/2015 | 1 | 25/03/2015 | Compra | Periodica o revista | |||||
| Hemeroteca | 1999 | 14 | 5 | Inventariado 2017 | Villa de Leyva | Villa de Leyva | 22/03/2001 | EBSCO | SERIADAS 01002 | 009662 | 25/03/2015 | 1 | 25/03/2015 | Compra | Periodica o revista | |||||
| Hemeroteca | 1999 | 14 | 6 | Inventariado 2017 | Villa de Leyva | Villa de Leyva | 22/03/2001 | EBSCO | SERIADAS 01002 | 009663 | 25/03/2015 | 1 | 25/03/2015 | Compra | Periodica o revista | |||||
| Hemeroteca | 1999 | 14 | 7 | Inventariado 2017 | Villa de Leyva | Villa de Leyva | 22/03/2001 | EBSCO | SERIADAS 01002 | 009664 | 25/03/2015 | 1 | 25/03/2015 | Compra | Periodica o revista | |||||
| Hemeroteca | 1999 | 14 | 8 | Inventariado 2017 | Villa de Leyva | Villa de Leyva | 22/03/2001 | EBSCO | SERIADAS 01002 | 009665 | 25/03/2015 | 1 | 25/03/2015 | Compra | Periodica o revista | |||||
| Hemeroteca | 1999 | 14 | 9 | Inventariado 2017 | Villa de Leyva | Villa de Leyva | 22/03/2001 | EBSCO | SERIADAS 01002 | 009666 | 25/03/2015 | 1 | 25/03/2015 | Compra | Periodica o revista | |||||
| Hemeroteca | 2000 | 15 | 10 | Inventariado 2017 | Villa de Leyva | Villa de Leyva | 22/03/2001 | CID Humboldt | SERIADAS 01002 | 009667 | 25/03/2015 | 1 | 25/03/2015 | Compra | Periodica o revista | |||||
| Hemeroteca | 2000 | 15 | 11 | Inventariado 2017 | Villa de Leyva | Villa de Leyva | 22/03/2001 | CID Humboldt | SERIADAS 01002 | 009668 | 25/03/2015 | 1 | 25/03/2015 | Compra | Periodica o revista | |||||
| Hemeroteca | 2000 | 15 | 12 | Inventariado 2017 | Villa de Leyva | Villa de Leyva | 22/03/2001 | CID Humboldt | SERIADAS 01002 | 009669 | 25/03/2015 | 1 | 25/03/2015 | Compra | Periodica o revista | |||||
| Hemeroteca | 2001 | 16 | 1 | Inventariado 2017 | Villa de Leyva | Villa de Leyva | 22/03/2001 | CID Humboldt | SERIADAS 01002 | 009671 | 25/03/2015 | 2 | 25/03/2015 | Compra | Periodica o revista | |||||
| Hemeroteca | 2001 | 16 | 10 | Inventariado 2017 | Villa de Leyva | Villa de Leyva | 13/11/2001 | CID Humboldt | SERIADAS 01002 | 009679 | 25/03/2015 | 1 | 25/03/2015 | Compra | Periodica o revista | |||||
| Hemeroteca | 2001 | 16 | 11 | Inventariado 2017 | Villa de Leyva | Villa de Leyva | 03/01/2002 | CID Humboldt | SERIADAS 01002 | 009680 | 25/03/2015 | 1 | 25/03/2015 | Compra | Periodica o revista | |||||
| Hemeroteca | 2001 | 16 | 2 | Inventariado 2017 | Villa de Leyva | Villa de Leyva | 22/03/2001 | CID Humboldt | SERIADAS 01002 | 009672 | 25/03/2015 | 1 | 25/03/2015 | Compra | Periodica o revista | |||||
| Hemeroteca | 2001 | 16 | 3 | Inventariado 2017 | Villa de Leyva | Villa de Leyva | 22/03/2001 | CID Humboldt | SERIADAS 01002 | 009673 | 25/03/2015 | 1 | 25/03/2015 | Compra | Periodica o revista | |||||
| Hemeroteca | 2001 | 16 | 4 | Inventariado 2017 | Villa de Leyva | Villa de Leyva | 16/04/2001 | CID Humboldt | SERIADAS 01002 | 009674 | 25/03/2015 | 1 | 25/03/2015 | Compra | Periodica o revista | |||||
| Hemeroteca | 2001 | 16 | 5 | Inventariado 2017 | Villa de Leyva | Villa de Leyva | 25/05/2001 | CID Humboldt | SERIADAS 01002 | 009675 | 25/03/2015 | 1 | 25/03/2015 | Compra | Periodica o revista | |||||
| Hemeroteca | 2001 | 16 | 7 | Inventariado 2017 | Villa de Leyva | Villa de Leyva | 22/08/2001 | CID Humboldt | SERIADAS 01002 | 009676 | 25/03/2015 | 1 | 25/03/2015 | Compra | Periodica o revista | |||||
| Hemeroteca | 2001 | 16 | 8 | Inventariado 2017 | Villa de Leyva | Villa de Leyva | 22/08/2001 | CID Humboldt | SERIADAS 01002 | 009677 | 25/03/2015 | 1 | 25/03/2015 | Periodica o revista | ||||||
| Hemeroteca | 2001 | 16 | 9 | Inventariado 2017 | Villa de Leyva | Villa de Leyva | 07/09/2001 | CID Humboldt | SERIADAS 01002 | 009678 | 25/03/2015 | 1 | 25/03/2015 | Periodica o revista | ||||||
| Hemeroteca | 2002 | 17 | 11 | Inventariado 2017 | Villa de Leyva | Villa de Leyva | 30/10/2002 | CID Humboldt | SERIADAS 01002 | 009972 | 25/03/2015 | 1 | 25/03/2015 | Compra | Periodica o revista | |||||
| Hemeroteca | 2002 | 17 | 3 | Inventariado 2017 | Villa de Leyva | Villa de Leyva | 08/04/2002 | CID Humboldt | SERIADAS 01002 | 009681 | 25/03/2015 | 1 | 25/03/2015 | Compra | Periodica o revista | |||||
| Hemeroteca | 2002 | 17 | 4 | Inventariado 2017 | Villa de Leyva | Villa de Leyva | 09/04/2002 | CID Humboldt | SERIADAS 01002 | 009682 | 25/03/2015 | 1 | 25/03/2015 | Compra | Periodica o revista | |||||
| Hemeroteca | 2002 | 17 | 5 | Inventariado 2017 | Villa de Leyva | Villa de Leyva | 07/05/2002 | Desconocido | SERIADAS 01002 | 009683 | 25/03/2015 | 1 | 25/03/2015 | Periodica o revista | ||||||
| Hemeroteca | 2002 | 17 | 6 | Inventariado 2017 | Villa de Leyva | Villa de Leyva | 19/07/2002 | CID Humboldt | SERIADAS 01002 | 009684 | 25/03/2015 | 1 | 25/03/2015 | Compra | Periodica o revista | |||||
| Hemeroteca | 2002 | 17 | 7 | Inventariado 2017 | Villa de Leyva | Villa de Leyva | 19/07/2002 | CID Humboldt | SERIADAS 01002 | 009685 | 25/03/2015 | 1 | 25/03/2015 | Compra | Periodica o revista | |||||
| Hemeroteca | 2002 | 17 | 8 | Inventariado 2017 | Villa de Leyva | Villa de Leyva | 25/07/2002 | Desconocido | SERIADAS 01002 | 009686 | 25/03/2015 | 1 | 25/03/2015 | Periodica o revista | ||||||
| Hemeroteca | 2005 | 20 | 5 | Inventariado 2017 | Villa de Leyva | Villa de Leyva | 29/05/2007 | SERIADAS 01002 | 024417 | 25/03/2015 | 1 | 25/03/2015 | Periodica o revista | |||||||
| Hemeroteca | 2005 | 20 | 1 | Inventariado 2017 | Villa de Leyva | Villa de Leyva | 29/05/2007 | SERIADAS 01002 | 024418 | 25/03/2015 | 1 | 25/03/2015 | Periodica o revista | |||||||
| Hemeroteca | 2005 | 20 | 3 | Inventariado 2017 | Villa de Leyva | Villa de Leyva | 30/11/2009 | SERIADAS 01002 | 027829 | 25/03/2015 | 1 | 25/03/2015 | Periodica o revista |